000 01178cam a2200169 4500500
005 20260329002500.0
041 _afre
042 _adc
100 1 0 _aDelaplace, Christelle
_eauthor
700 1 0 _aOllivier, Fanny
_eauthor
245 0 0 _aPrevalence and correction of neuromyths among educational science students
260 _c2026.
500 _a9
520 _a‪Neuromyths are misconceptions about learning and brain function. Research shows that these neuromyths are common in the general population as well as among teachers and learners. This prevalence is problematic because it may lead to the use of ineffective teaching and learning strategies. In our study, we investigated the prevalence and correction of these misconceptions among students in educational sciences. Our findings indicate that neuromyths exist among these students in France, and that an intervention using refutation texts can reduce them in a relatively long-lasting manner.‪
786 0 _nRevue française de pédagogie | 227 | 2 | 2026-02-19 | p. 35-52 | 0556-7807
856 4 1 _uhttps://shs.cairn.info/journal-revue-francaise-de-pedagogie-2025-2-page-35?lang=en&redirect-ssocas=7080
999 _c1815420
_d1815420